Horizons in endocrinology / (Record no. 31939)
[ view plain ]
| 000 -LEADER | |
|---|---|
| fixed length control field | 00629cam0a220019300 4500 |
| 005 - DATE AND TIME OF LATEST TRANSACTION | |
| control field | 20190814095904.0 |
| 008 - FIXED-LENGTH DATA ELEMENTS--GENERAL INFORMATION | |
| fixed length control field | 040430 |
| 020 ## - INTERNATIONAL STANDARD BOOK NUMBER | |
| International Standard Book Number | 0881676551 |
| 035 ## - SYSTEM CONTROL NUMBER | |
| System control number | (Sirsi) a146850 |
| 050 #0 - LIBRARY OF CONGRESS CALL NUMBER | |
| Classification number | QP187 |
| Item number | HOR 1991 |
| 245 10 - TITLE STATEMENT | |
| Title | Horizons in endocrinology / |
| Statement of responsibility, etc. | editors: M. Maggi, V.Geenen ; |
| Number of part/section of a work | Vol. II. |
| 260 ## - PUBLICATION, DISTRIBUTION, ETC. | |
| Place of publication, distribution, etc. | New York: |
| Name of publisher, distributor, etc. | Raven Press, |
| Date of publication, distribution, etc. | 1991. |
| 350 ## - PRICE (NR) (BK AM CF MU VM SE) [OBSOLETE] | |
| Price | 100 |
| 440 #0 - SERIES STATEMENT/ADDED ENTRY--TITLE | |
| Title | Serono Symposia Publications from Raven Press |
| Linkage | S20669.1 |
| 504 ## - BIBLIOGRAPHY, ETC. NOTE | |
| Bibliography, etc. note | Includes bibliographical references and index |
| 650 #0 - SUBJECT ADDED ENTRY--TOPICAL TERM | |
| Topical term or geographic name entry element | Endocrinology |
| Linkage | S10525.1 |
| 700 00 - ADDED ENTRY--PERSONAL NAME | |
| Personal name | Maggi, M. |
| Linkage | A117493.1 |
| 700 00 - ADDED ENTRY--PERSONAL NAME | |
| Personal name | Geenen, V. |
| Linkage | A117494.1 |
| Withdrawn status | Lost status | Source of classification or shelving scheme | Damaged status | Not for loan | Home library | Current library | Shelving location | Total Checkouts | Full call number | Barcode | Date last seen | Copy number | Price effective from | Koha item type |
|---|---|---|---|---|---|---|---|---|---|---|---|---|---|---|
| Library of Congress Classification | Medical Library | Medical Library | On Shelf | QP187 HOR 1991 | 33729005809103 | 08/13/2019 | 1 | 08/13/2019 | Book | |||||
| Library of Congress Classification | Medical Library | Medical Library | General Stacks | QP187 HOR 1991 | 33729000412705 | 08/13/2019 | 2 | 08/13/2019 | Book | |||||
| Library of Congress Classification | Medical Library | Medical Library | On Shelf | QP187 HOR 1991 | 33729000412648 | 08/13/2019 | 3 | 08/13/2019 | Book |